000 02076cam a2200553 a 4500
001 21446
003 VRT
005 20260302120703.0
008 240318s2013 xo a a 000 p slo
015 _aSNBA2013/05
020 _a9788081420702
_q(viaz.)
035 _a5E8315B6-090B-43D1-8E98-14B8614432FF
035 _aurn:nbn:sk:snk-aml1j4
035 _aurn:nbn:sk:snk-am008n4r
039 9 _a202403181809
_bVLOAD
_c202312031510
_dAUTHORITY
_c202312031459
_dAUTHORITY
_c201606101544
_dVLOAD
040 _aPOKPOH
_bslo
_cPOKPOH
_dSNK
_eAACR2
041 0 _aslo
044 _axo
_cSK
072 7 _a821.162.4-1
_xSlovenská poézia
_2konspekt
072 7 _a821-93
_xLiteratúra pre deti a mládež (beletria)
_2konspekt
080 _a821.162.4-1
_22001
080 _a003.23.081
_22001
080 _a821-93
_22001
100 1 _aHubočanová, Emília
_4aut
245 1 0 _aAbeceda vo veršíkoch
_cnapísala Emília Hubočanová, ilustrovala Vladimíra Vopičková
260 _a[Bratislava]
_bFortuna Libri
_c2013
300 _a[37] s.
_bfareb. ilustr.
_c24 cm
490 1 _aFortuna Junior
650 0 7 _aabeceda
_2SNKPH
650 0 7 _aAlphabet
_2SNKPHeng
655 7 _aslovenská poézia
_2SNKPH
655 7 _aSlovak poetry
_2SNKPHeng
655 7 _aChildren's literature
_2SNKPHeng
655 7 _apublikácie pre deti
_2SNKPH
700 1 _aVopičková, Vladimíra,
_d1965-
_4ill
830 0 _aFortuna Junior
910 _apokpoh
910 _asvkbb
910 _ahevk
910 _avthk
910 _asnk
910 _attkjf
942 _2ddc
_cKLDE
_n0
949 _63830001142212
_akurukT18/HUBO1-1
_bkuruk2021/F649
_oG2020/Adriana Čutková - Kníhkupectvo/20VF00014/Fond na podporu umenia na rok 2020, projekt č. 20-514-04042 s názvom: „Nákup knižničného fondu – priama podpora vedy a vzdelávania
949 _6273K0554335
_asvkpoB 91114
_bsvkpo567646
949 _6270001000409836
_asvkbbA 137710
_bsvkbbm 734737
949 _617A1067019
_asnkSC 154079
_bsnk2013/8887
_o753/13
_s6100:20160127
949 _617A1067018
_asnkSC 154079 D1
_bsnk2013/8888
_o753/13
999 _c21446
_d21446